Kritická infraštruktúra v Európskej únii a v Severoatlantickej aliancii
Zabezpečenie efektívnej ochrannej a obrannej infraštruktúry vyvolala zmena charakteru hrozieb a rizík. Podmienky, ktoré riešia ochranu kritickej infraštruktúry na úrovni Európskej únie. Vývoj celosvetovej bezpečnostnej situácie.
Salvato in:
| Autore principale: | |
|---|---|
| Natura: | Capitolo di libro |
| Lingua: | slovacco |
| Soggetti: | |
| Tags: |
Nessun Tag, puoi essere il primo ad aggiungerne!!
|
MARC
| LEADER | 00000naa a2200000 4500 | ||
|---|---|---|---|
| 001 | 0136204 | ||
| 005 | 20231204133128.2 | ||
| 041 | 0 | |a slo | |
| 044 | |a SK | ||
| 245 | 1 | 0 | |a Kritická infraštruktúra v Európskej únii a v Severoatlantickej aliancii |c Peter Marchevka |
| 520 | |a Zabezpečenie efektívnej ochrannej a obrannej infraštruktúry vyvolala zmena charakteru hrozieb a rizík. Podmienky, ktoré riešia ochranu kritickej infraštruktúry na úrovni Európskej únie. Vývoj celosvetovej bezpečnostnej situácie. | ||
| 610 | 2 | 0 | |a Európska únia |
| 610 | 2 | 0 | |a bezpečnosť európska |
| 610 | 2 | 0 | |a politika bezpečnostná |
| 610 | 2 | 0 | |a politika medzinárodná |
| 610 | 2 | 0 | |a globalizácia |
| 610 | 2 | 0 | |a infraštruktúra |
| 610 | 2 | 0 | |a riziko bezpečnostné |
| 610 | 2 | 0 | |a terorizmus |
| 610 | 2 | 0 | |a obrana štátu |
| 610 | 2 | 0 | |a bezpečnosť |
| 100 | 1 | |a Marchevka, Peter | |